LEADER 00847nam0-22002891i-450- 001 990002005430403321 005 20130325130442.0 035 $a000200543 035 $aFED01000200543 035 $a(Aleph)000200543FED01 035 $a000200543 100 $a20030910d1970----km-y0itay50------ba 101 0 $aeng 200 1 $a<>distribution and abundance of animals$fH. G. Andrewartha, L. C. Birch 210 $aChicago$cUniversity of Chicago Press$d1970 215 $a782 p.$d24 cm 610 0 $aZoologia 676 $a591.5 700 1$aAndrewartha,$bHerbert G.$084739 701 1$aBirch,$bLouis Charles$046676 801 0$aIT$bUNINA$gRICA$2UNIMARC 901 $aBK 912 $a990002005430403321 952 $a61 III A.7/03$b4045$fDAGEN 959 $aDAGEN 996 $aDistribution and abundance of animals$9402908 997 $aUNINA LEADER 00874nam0-22003251i-450- 001 990007846110403321 005 20080325155359.0 010 $a88-464-3272-X 035 $a000784611 035 $aFED01000784611 035 $a(Aleph)000784611FED01 035 $a000784611 100 $a20031218d2003----km-y0itay50------ba 101 0 $aita 102 $aIT 105 $ay---a---001yy 200 1 $a<>attenzione$efisiologia, patologie e interventi riabilitativi$fRosa Angela Fabio 210 $aMilano$cAngeli$d2001 215 $a202 p.$d23 cm 225 1 $aPsicologia$v186 606 $aAttenzione 676 $a616.858 9$v21$zita 700 1$aFabio,$bRosa Angela$0280995 801 0$aIT$bUNINA$gRICA$2UNIMARC 901 $aBK 912 $a990007846110403321 952 $aP.1 PG 518$fFLFBC 959 $aFLFBC 996 $aAttenzione$9277108 997 $aUNINA LEADER 01272oam 22004094a 450 001 9910493193803321 005 20191219115054.0 010 $a615-5513-61-9 035 $a(CKB)4970000000000158 035 $a(MiAaPQ)EBC4832183 035 $a(OCoLC)959552378 035 $a(MdBmJHUP)muse51079 035 $a(EXLCZ)994970000000000158 100 $a20160831d2016 uy 0 101 0 $aeng 135 $aurcnu|||||||| 181 $2rdacontent 182 $2rdamedia 183 $2rdacarrier 200 00$aTwenty-Five Sides of a Post-Communist Mafia State$fedited by Ba?lint Magyar and Ju?lia Va?sa?rhelyi 210 1$aNew York :$cCentral European University Press,$d2016. 210 3$aBaltimore, Md. :$cProject MUSE, $d2017 210 4$dİ2016. 215 $a1 online resource (676 pages) $cillustrations 300 $aIncludes index. 311 $a615-5513-62-7 320 $aIncludes bibliographical references and index. 608 $aElectronic books. 676 $a943.9054 702 $aVa?sa?rhelyi$b Ju?lia 702 $aMagyar$b Ba?lint 801 0$bMdBmJHUP 801 1$bMdBmJHUP 906 $aBOOK 912 $a9910493193803321 996 $aTwenty-Five Sides of a Post-Communist Mafia State$92473687 997 $aUNINA